Kadra Juventusu w Serie A 2015/16 - Statystyki

Ogólne statystyki
  • Ten quiz został rozwiązany 39 razy
  • Średni wynik to 14 z 33
Statystyki odpowiedzi
Numer Narodowość Zawodnik % Poprawnych
1 Włochy Gianluigi Buffon
100%
3 Włochy Giorgio Chiellini
94%
9 Hiszpania Alvaro Morata
84%
19 Włochy Leonardo Bonucci
84%
16 Kolumbia Juan Cuadrado
81%
21 Argentyna Paulo Dybala
81%
17 Chorwacja Mario Mandzukić
78%
10 Francja Paul Pogba
78%
6 Niemcy Sami Khedira
75%
8 Włochy Claudio Marchisio
72%
12 Brazylia Alex Sandro
63%
4 Urugwaj Martin Caceres
59%
15 Włochy Andrea Barzagli
56%
22 Ghana Kwadwo Asamoah
56%
26 Szwajcaria Stephan Lichtsteiner
50%
11 Francja Kingsley Coman
47%
24 Włochy Daniele Rugani
44%
14 Hiszpania Fernando Llorente
34%
18 Gabon Mario Lemina
34%
33 Francja Patrice Evra
31%
2 Chile Mauricio Isla
28%
7 Włochy Simone Zaza
28%
37 Argentyna Roberto Pereyra
22%
27 Włochy Stefano Sturaro
22%
25 Brazylia Neto
19%
20 Włochy Simone Padoin
13%
38 Włochy Emil Audero
6%
39 Włochy Andrea Favilli
0%
46 Włochy Filippo Romagna
0%
42 Włochy Giulio Parodi
0%
45 Argentyna Guido Vadala
0%
40 Włochy Mattia Vitale
0%
34 Brazylia Rubinho
0%
Nie znaleziono quizów pasujących do podanych kryteriów
Rozkład punktacji
Procent ludzi z każdym wynikiem
Percentyl według liczby udzielonych odpowiedzi
Twoja historia wyników
Nie rozwiązałeś tego quizu